000 00431nam a2200157 a 4500
005 20140412111304.0
008 120529s19uu xx 00 eng d
020 _a971-23-2065-0
050 _aFIL E
_bEl1 1996
100 _aTorralba, John Enrico
245 _aAng mga kaibigan ni Ella /
_cJohn Enrico Torralba.
260 _aPhilippines :
_bChildren's books,
_c1996.
300 _a16p.
650 _aFriendship
999 _c103613
_d103613